000 01595nam0a2200373 4500
001 RU\NLR\BIBL_A\011934195
005 20221024105745.0
010 _a978-5-907079-11-3
021 _aRU
_bКН-П-18-103450
_9КН-П-18-7498
035 _a(NLR Aleph) 011934195
035 _a(RuMoRGB)009857418
090 _a11055202
_c11055202
100 _a20190211d2019 a y0rusy50 ca
101 0 _arus
102 _aRU
105 _aa zzzz000|1zd
200 1 _aПисьма к сыну
_fВасилий Александрович Сухомлинский
210 _aМосква
_cКонцептуал
_d2019
215 _a147 с.
_d22
225 1 _aВоспитание человека
300 _aНа обороте тит. л. авт.: педагог-новатор Василий Александрович Сухомлинский
300 _aНа обл.: Владимир Базарный рекомендует
320 _aБиблиогр. в подстроч. примеч.
333 _a16+
600 1 _aСухомлинский
_bВ.А.
_f1918 - 1970
_gВасилий Александрович
_xПедагогические взгляды
_91436420
_3RU\NLR\AUTH\66607455
606 1 _aЮноши
_xВоспитание
_92269465
_3RU\NLR\AUTH\6601589461
686 1 _aЧ313.3
686 1 _aЧ33(2)7-8Сухомлинский
700 1 _aСухомлинский
_bВ. А.
_f1918-1970
_gВасилий Александрович
942 _cBOOK
980 _aNBR
980 _aNB